Movies by Score Title Selections Quiz Stats

 Plays Quiz Updated Sep 10, 2014

Score 0/25 Timer 07:00
0 Plays Today
Hint Answer % Correct
Clarice, Lambs Screaming, The CellarThe Silence of the Lambs
92.1%
Journey to the Island, Hatching Baby Raptor, My Friend the BrachiosaurusJurassic Park
90.1%
85 Twin Pines Mall, DeLorean Reveal, Skateboard ChaseBack to the Future
88.4%
Rose, Hard to Starboard, An Ocean of MemoriesTitanic
87.3%
The Treason of Isengard, The Ring Goes South, The Breaking of the FellowshipLord of the Rings: The Fellowship of the Ring
83.9%
Slaves to Rome, Honor Him, Now We Are FreeGladiator
82.4%
Omaha Beach, Wade's Death, Hymn to the FallenSaving Private Ryan
77.4%
Young Ichabod, The Tree of Death, The WindmillSleepy Hollow
65.6%
J Contemplates, Headquarters, K ReminiscesMen in Black
63.8%
I Could Have Done More, Making the List, Give Me Your NamesSchindler's List
62.8%
Out to Sea, Quint's Tale, Brody PanicsJaws
62.2%
To Notre Dame, Tryouts, The Final GameRudy
62.1%
A Kaleidoscope of Mathematics, Cracking the Russian Codes, Real or Imagined?A Beautiful Mind
61.7%
Hint Answer % Correct
Imhotep, Camel Race, RebirthThe Mummy
59%
Rock Hammer, Brooks Was Here, Suds on the RoofThe Shawshank Redemption
58.4%
The Motorcade, The Hijacking, Welcome Aboard SirAir Force One
53.4%
Coffey's Hands, Condemned Man, Circus MouseThe Green Mile
51.7%
Civil War Soldiers, Tablet of Akmenrah, Teddy Likes SacagaweaNight at the Museum
48.1%
The Buffalo Hunt, Two Socks at Play, The Death of CiscoDances With Wolves
47.1%
Forming the Regiment, The Whipping, Charging Fort WagnerGlory
43%
Coming Home from the Sea, To the Flemish Cap, Coast Guard RescueThe Perfect Storm
39.4%
The Trip to Earth, Can You Read My Mind, Turning Back the WorldSuperman
33.8%
Jake's First Flight, The Destruction of Hometree, WarAvatar
32.9%
Escaping the Smokers, Helen Frees the Mariner, Dry LandWaterworld
31.1%
Castle on the Hill, Ice Dance, Edwardo the BarberEdward Scissorhands
26.9%

You're not logged in!

Compare scores with friends on all Sporcle quizzes.
Join for Free
OR
Log In

You Might Also Like...

Show Comments

Extras

Top Quizzes Today


Score Distribution

Your Account Isn't Verified!

In order to create a playlist on Sporcle, you need to verify the email address you used during registration. Go to your Sporcle Settings to finish the process.

Report this User

Report this user for behavior that violates our Community Guidelines.

Details: